| 000 | 01132cam a22003257a 4500 | ||
|---|---|---|---|
| 003 | CHAP | ||
| 005 | 20220329141413.0 | ||
| 008 | 971013s r 00010 d | ||
| 010 | _a67617 | ||
| 011 | _a68589 | ||
| 035 | _a78062 | ||
| 040 | _cCHAP | ||
| 090 | _aTesis | ||
| 100 | 0 | 0 |
_aGalicia Jiménez, Ana Bertha. _944256 |
| 245 | 0 | _aDiagnóstico socioeconómico de la producción de haba (Vicia faba L.) en el Distrito de Calpulalpan, Tlax. : estudio exploratorio | |
| 260 |
_aChapingo, Méx. : _bEl autor, _c198? |
||
| 300 | _a[114 h.] | ||
| 502 | _aTesis (Ing. Agrónomo Esp. en Fitotecnia) -- UACH. Departamento de Fitotecnia | ||
| 590 |
_aALEPH _b10 _c20130110 _lUCH01 _h1402 |
||
| 590 |
_aBATCH-UPD _b10 _c20130110 _lUCH01 _h0815 |
||
| 590 |
_aBATCH-UPD _b10 _c20130410 _lUCH01 _h0452 |
||
| 590 |
_aBATCH-UPD _b10 _c20130914 _lUCH01 _h1559 |
||
| 590 |
_aCONVERSION _b10 _c20130109 _lUCH01 _h1337 |
||
| 650 | 1 | 4 |
_aHaba _xAspectos económicos _xTlaxcala. _952090 |
| 650 | 1 | 4 |
_aHaba _xRendimiento. _952122 |
| 650 | 1 | 4 |
_aHaba _xTlaxcala. _952125 |
| 901 | _aBK | ||
| 942 | _cTESIS | ||
| 949 |
_bBC _cTES _d-30936 _eTS1 _h21216 _i78062 _si |
||
| 999 |
_c67617 _d67617 |
||